Les 20 villes les plus peuplées du Costa Rica - Statistiques

Statistiques générales
  • Ce quiz a été pris 23 fois
  • Le résultat moyen est 4 sur 20
Statistiques - réponses
Population Villes % Correct
339.448 San José
100%
32.187 San José de Alajuela
100%
48.366 Alajuela
43%
36.242 Puntarenas
43%
47.906 Liberia
35%
64.285 Puerto Limón
30%
36.258 San Isidro de El General
13%
28.490 San Rafael Abajo
13%
35.443 Curridabat
9%
39.704 Desamparados
9%
59.484 San Francisco
9%
41.936 Paraíso
4%
30.701 Purral
4%
29.467 San Miguel
4%
27.599 San Pedro Montes de Oca
4%
29.848 Turrialba
4%
29.140 Aguacaliente
0%
27.461 Mercedes
0%
28.134 Quesadas
0%
34.947 San Vicente de Moravia
0%
Aucun quiz correspondant
Distribution des résultats
% des personnes avec chaque résultat
Percentile par nombre de réponses
Votre historique - résultats
Vous n’avez pas pris ce quiz